| 000 | 00371nam a22001337a 4500 | ||
|---|---|---|---|
| 999 |
_c14374 _d14374 |
||
| 008 | 190913b ||||| |||| 00| 0 eng d | ||
| 020 | _a9780545843409 | ||
| 082 |
_2DFic _a2010 _bM699 |
||
| 100 |
_aMlynowski, Sarah _939639 |
||
| 245 |
_aGimme a call/ _cSarah Mlynowski |
||
| 260 |
_aNew York: _bScholastic Inc., _cc2010. |
||
| 300 |
_a302 pages; _b20 cm. |
||
| 942 |
_2ddc _cDFIC |
||